[Event "EU-ch (Women) 23rd"]
[Site "Petrovac"]
[Date "2023.03.18"]
[Round "1"]
[White "Lomaia, Diana"]
[Black "Vajda, Szidonia"]
[Result "0-1"]
[WhiteElo "1950"]
[BlackElo "2294"]
[PlyCount "144"]
[EventDate "2023.03.18"]
[EventType "swiss"]
[EventRounds "11"]
[EventCountry "MNE"]
[SourceTitle "CBM 213 Extra"]
[Source "ChessBase"]
[SourceDate "2023.05.31"]
[SourceVersion "1"]
[SourceVersionDate "2023.05.31"]
[SourceQuality "1"]

1. d4 d5 2. c4 e6 3. Nc3 Be7 4. cxd5 exd5 5. Bf4 c6 6. e3 Bf5 7. Nge2 Nf6 8. Ng3 Be6 9. Bd3 Bd6 10. Bxd6 Qxd6 11. Rb1 a5 12. Qc2 Nbd7 13. h3 Nb6 14. b3 Nc8 15. 0-0 h6 16. e4 dxe4 17. Ncxe4 Qxd4 18. Nc5 0-0 19. Nxe6 fxe6 20. Rbe1 Nb6 21. Rxe6 Rae8 22. Rxe8 Rxe8 23. Bg6 Rd8 24. Re1 Qd2 25. Qxd2 Rxd2 26. Re2 Rxe2 27. Nxe2 Nfd5 28. Kf1 a4 29. Ke1 Kf8 30. Kd2 Ke7 31. bxa4 Nxa4 32. Bc2 Nc5 33. g3 Kf6 34. Nd4 Nb4 35. Bb1 Ne6 36. Ne2 Nd5 37. Be4 Ke5 38. Bg2 g5 39. a3 b5 40. Nc1 Nc5 41. Kc2 Kd6 42. Ne2 Ne6 43. Kd3 Ke5 44. Kd2 c5 45. Bxd5 Kxd5 46. Nc3+ Kc4 47. Kc2 Nd4+ 48. Kb2 Kd3 49. f4 gxf4 50. gxf4 Kc4 51. Ne4 Nf5 52. Nc3 h5 53. Ne4 h4 54. Nc3 Nd6 55. Nd1 Kd4 56. Nc3 Nc4+ 57. Kb3 Nd6 58. Kc2 Kc4 59. Kb2 Nf5 60. Ne4 Kd4 61. Nc3 b4 62. axb4 cxb4 63. Nb5+ Ke4 64. Nc7 Nd4 65. Na6 b3 66. Kc3 Kxf4 67. Nc5 Kg3 68. Ne4+ Kxh3 69. Kxd4 b2 70. Nd2 Kg2 71. Kc3 h3 72. Kxb2 h2 0-1

[Event "HUN-chT 2223"]
[Site "Hungary"]
[Date "2023.01.29"]
[Round "4.10"]
[White "Virag, Balint"]
[Black "Vajda, Szidonia"]
[Result "1/2-1/2"]
[WhiteElo "2156"]
[BlackElo "2298"]
[PlyCount "57"]
[EventDate "2022.11.20"]
[EventType "team-tourn"]
[EventRounds "9"]
[EventCountry "HUN"]
[SourceTitle "CBM 213 Extra"]
[Source "ChessBase"]
[SourceDate "2023.05.31"]
[SourceVersion "1"]
[SourceVersionDate "2023.05.31"]
[SourceQuality "1"]
[WhiteTeam "Budapest MTK"]
[BlackTeam "Paks"]
[WhiteTeamCountry "HUN"]
[BlackTeamCountry "HUN"]

1. e4 e5 2. Nf3 Nc6 3. Bb5 a6 4. Ba4 Nf6 5. 0-0 Be7 6. d3 b5 7. Bb3 0-0 8. a4 b4 9. a5 d6 10. h3 h6 11. Re1 Be6 12. Nbd2 Bxb3 13. Nxb3 d5 14. exd5 Qxd5 15. Be3 Rab8 16. Nfd2 Rb5 17. Qf3 Qxf3 18. Nxf3 Rd8 19. Nfd2 Nd5 20. Nc4 Nxe3 21. Rxe3 Bf8 22. Kf1 f6 23. Ree1 Kf7 24. Re2 Rdd5 25. Ne3 Rd7 26. Nc4 Rdd5 27. Ne3 Rd7 28. Nc4 Rdd5 29. Ne3 1/2-1/2

[Event "EU-ch (Women) 22nd"]
[Site "Prague"]
[Date "2022.08.31"]
[Round "11"]
[White "Vajda, Szidonia"]
[Black "Rapport, Jovana"]
[Result "1/2-1/2"]
[WhiteElo "2313"]
[BlackElo "2294"]
[PlyCount "89"]
[EventDate "2022.08.20"]
[EventType "swiss"]
[EventRounds "11"]
[EventCountry "CZE"]
[SourceTitle "CBM 209 Extra"]
[Source "ChessBase"]
[SourceDate "2022.09.30"]
[SourceVersion "1"]
[SourceVersionDate "2022.09.30"]
[SourceQuality "1"]

1. e4 e6 2. d4 d5 3. Nd2 c5 4. exd5 exd5 5. Ngf3 Nc6 6. Be2 cxd4 7. 0-0 Bd6 8. Nb3 Nf6 9. Nbxd4 0-0 10. Bg5 h6 11. Bh4 Re8 12. Bg3 Bc5 13. Nb3 Bb6 14. c4 dxc4 15. Qxd8 Rxd8 16. Bxc4 Ne4 17. Rfe1 Bf5 18. Rad1 Rxd1 19. Rxd1 g5 20. Nbd2 Rd8 21. Bb3 Nxg3 22. hxg3 Na5 23. Ba4 Be6 24. b4 Nc6 25. a3 g4 26. Ne1 a5 27. Ne4 axb4 28. Rxd8+ Bxd8 29. Bxc6 bxc6 30. axb4 Kg7 31. Nd3 Be7 32. f3 Bc4 33. Ndc5 gxf3 34. gxf3 f5 35. Nd2 Bb5 36. f4 Bf6 37. Nb1 Bd4+ 38. Kg2 Kf7 39. Nb3 Bb6 40. Nc3 Ke6 41. Kf3 h5 42. Nc5+ Kd6 43. Nb7+ Ke7 44. Nc5 Kd6 45. Nb7+ 1/2-1/2